Statistics for Top 10 Super Bowl winners

Click here to take the quiz!

General Stats

  • This quiz has been taken 12 times
  • The average score is 7 of 10

Answer Stats

Super bowls wonAnswer% Correct
6New England Patriots
91%
6Pittsburgh Steelers
91%
4New York Giants
82%
5San Francisco 49ers
82%
3Denver Broncos
73%
4Green Bay Packers
73%
3Los Angeles Raiders / Oakland Raiders
73%
5Dallas Cowboys
64%
3Washington Commanders
55%
4Kansas City Cheifs
18%

Score Distribution

Percentile by Number Answered

Percent of People with Each Score

Your Score History

You have not taken this quiz